Loading...
Dusk And Dawn In Village India
| Main Author: | |
|---|---|
| Format: | Printed Book |
| Language: | Undetermined |
| Published: |
New York:
Frederick A. Praeger,
1965
|
| Subjects: |
| LEADER | 00508nam a2200157Ia 4500 | ||
|---|---|---|---|
| 008 | 200110s9999||||xx |||||||||||||| ||und|| | ||
| 080 | |a 307.72 |b AHM-D | ||
| 100 | |a Ahmed, Zahir | ||
| 245 | 0 | |a Dusk And Dawn In Village India | |
| 260 | |a New York: |b Frederick A. Praeger, |c 1965 | ||
| 300 | |a 143 p. |f HB | ||
| 500 | |a General | ||
| 650 | |a Dawn-- Dusk -- Village | ||
| 942 | |c BK | ||
| 999 | |c 251779 |d 251779 | ||
| 952 | |0 0 |1 0 |4 0 |6 307_720000000000000_AHMD |7 0 |9 267704 |a SOC |b SOC |l 0 |o 307.72 AHM-D |p SOC161 |r 2020-01-14 |w 2020-01-14 |y BK | ||